000 01704nam0a2200373 4500
001 RU\NLR\bibl\1653003
005 20250616034146.0
010 _a978-5-85803-417-9
_9500
021 _aRU
_b2010-41471
_92782
035 _a(NLR Aleph) 001644321
090 _a881700
_c881700
100 _a20100707d2010 |||y0rusy50 ca
101 0 _arus
_deng
102 _aRU
105 _aa |||||||||
200 1 _aДревний Иран накануне империй (IX - VI вв. до н. э.)
_dAncient Iran on the eve of empires (9-6 B.C.)
_eистория Мидийского царства
_fИ.Н. Медведская
_gРос. акад. наук, Ин-т вост. рукописей
_zeng
210 _aСанкт-Петербург
_cПетербургское Востоковедение
_d2010
215 _a261, [1] с.
_cил., карт.
_d25
300 _aАвт. также на англ. яз.: Inna N. Medvedskaja
300 _aРез. на англ. яз.
320 _aБиблиогр.: с. 240-256
320 _aУказ. собств. имен: с. 224-229
320 _aУказ. геогр. и этнич. назв.: с. 230-239
510 0 _6z55790
_aAncient Iran on the eve of empires (9-6 B.C.)
_zeng
607 _aМидия, историческая область
_xИстория
_91055703
_3RU\NLR\auth\66408930
686 _aТ3(0)313.65
700 1 _4070
_7ca
_8rus
_aМедведская
_bИ. Н.
_f1943-
_gИнна Николаевна
_9180439
_3RU\NLR\AUTH\770180490
790 1 _6z55510
_aMedvedskaja
_bI. N.
_gInna Nikolaevna
_4070
801 0 _aRU
_bNLR
_c20100707
_gRCR
801 1 _aRU
_bNLR
_c20100707
942 _cBOOK
980 _aNB